000 00702aam a2200193 4500
001 6303
020 _z9780241015728
_q(trade pbk.)
100 1 _aAlderman, Naomi.
_e
245 1 4 _aThe power /
_cNaomi Alderman ; illustrations by Marsh Davies.
264 1 _a[London] :
_bViking, an imprint of Penguin Books,
_c2016.
300 _aix, 340 pages :
_billustrations ;
_c21 cm
336 _atext
_btxt
_2rdacontent
337 _aunmediated
_bn
_2rdamedia
338 _avolume
_bnc
_2rdacarrier
520 _aWomen have the power and it's their turn to abuse it, in this instant classic of speculative fiction.
650 0 _aDystopias.
650 0 _aTeenage girls
_vFiction.
700 1 _aDavies, Marsh,
_eillustrator.
999 _c5318
_d5318